[Event "COL-ch U20 Girls"]
[Site "Cali"]
[Date "2024.03.02"]
[Round "6"]
[White "Saravia Delgadillo, Sara Sofia"]
[Black "Jacome Revelo, Daniela Alexandra"]
[Result "1-0"]
[WhiteElo "1557"]
[BlackElo "1331"]
[PlyCount "52"]
[EventDate "2024.02.28"]
[EventType "swiss"]
[EventRounds "9"]
[EventCountry "COL"]
[SourceTitle "CB11_2024"]
[SourceDate "2024.03.13"]
[SourceVersion "1"]
[SourceVersionDate "2024.03.13"]
[SourceQuality "1"]

1. e4 c5 2. c3 g6 3. d4 cxd4 4. cxd4 d5 5. exd5 Nf6 6. Bb5+ Nbd7 7. Nc3 Bg7 8. Nf3 0-0 9. 0-0 Nb6 10. Qb3 Nfxd5 11. Nxd5 Qxd5 12. Qxd5 Nxd5 13. Bc4 Rd8 14. Ne5 Bf5 15. b3 a6 16. Bb2 Bxe5 17. dxe5 Nf4 18. Rfd1 b5 19. Bf1 Rac8 20. a4 Rxd1 21. Rxd1 Rc2 22. Bc1 Nd3 23. Bh6 Ra2 24. g4 Bxg4 25. Rxd3 f6 26. exf6 exf6 1-0

[Event "COL-ch U20 Girls"]
[Site "Cali"]
[Date "2024.02.29"]
[Round "2"]
[White "Remolina Garcia, Mayra Xiomara"]
[Black "Saravia Delgadillo, Sara Sofia"]
[Result "0-1"]
[WhiteElo "1660"]
[BlackElo "1557"]
[PlyCount "92"]
[EventDate "2024.02.28"]
[EventType "swiss"]
[EventRounds "9"]
[EventCountry "COL"]
[SourceTitle "CB11_2024"]
[SourceDate "2024.03.13"]
[SourceVersion "1"]
[SourceVersionDate "2024.03.13"]
[SourceQuality "1"]

1. e4 e5 2. Nf3 d6 3. Bc4 Bg4 4. d3 Nf6 5. h3 Bh5 6. Nc3 a6 7. a4 Nc6 8. g4 Bg6 9. Be3 h6 10. Qd2 Qd7 11. Rf1 0-0-0 12. Ng1 Nd4 13. b4 d5 14. Nxd5 Nxd5 15. exd5 Bxb4 16. c3 Ba5 17. f4 f6 18. Ne2 Nxe2 19. Kxe2 exf4 20. Bxf4 Rhe8+ 21. Kf2 Bf7 22. Qb2 Bxd5 23. Bxd5 Qxd5 24. Rfb1 Re6 25. Rd1 Qc5+ 26. d4 Qxc3 27. Qa2 Rb6 28. Qf7 Rb2+ 29. Rd2 Rxd2+ 30. Bxd2 Qxd2+ 31. Kf1 Qxd4 32. Ra2 Qf4+ 33. Kg2 Rd2+ 34. Rxd2 Qxd2+ 35. Kf3 Qd1+ 36. Kg2 Qe2+ 37. Kg3 Be1+ 38. Kf4 Qe5+ 39. Kf3 Qc3+ 40. Ke2 Qd2+ 41. Kf3 Qd3+ 42. Kg2 Qg3+ 43. Kh1 Qf3+ 44. Kg1 Bf2+ 45. Kf1 Bc5+ 46. Ke1 Bb4# 0-1